| 000 | 00480 a2200157 4500 | ||
|---|---|---|---|
| 999 |
_c40898 _d40898 |
||
| 003 | OSt | ||
| 005 | 20200814122133.0 | ||
| 008 | 200814b ||||| |||| 00| 0 eng d | ||
| 020 | _a9788173716775 | ||
| 040 | _coclc | ||
| 100 | _aKrishnaswamy, N R | ||
| 245 |
_aChemistry Of Natural Products A Unified Approach / _cN R Krishnaswamy |
||
| 250 | _a2nd Ed. | ||
| 260 |
_bUniversities Press, _c2010. _aHyderbad: |
||
| 942 |
_2ddc _cBK _h547.7 _iKRI/C _k547.7 _mKRI/C |
||